[Event "TCh-HUN 2017-18"]
[Site "Hungary HUN"]
[Date "2017.12.03"]
[Round "3.3"]
[White "Szuk, Balazs"]
[Black "Perunovic, Milos"]
[Result "0-1"]
[WhiteTitle "IM"]
[BlackTitle "GM"]
[WhiteElo "2370"]
[BlackElo "2612"]
[WhiteTeam "Penzugyor SE"]
[BlackTeam "ASE Paks"]
[WhiteFideId "706019"]
[BlackFideId "921629"]
[EventDate "2017.11.25"]
[EventType "team-tourn"]

1. e4 c5 2. Nf3 Nc6 3. d4 cxd4 4. Nxd4 Qb6 5. Nb3 Nf6 6. Nc3 e6 7. Qe2 Bb4 8.
Bd2 a5 9. a3 Bxc3 10. Bxc3 e5 11. Nd2 O-O 12. Qb5 Qc7 13. Bd3 d6 14. Nc4 Ra6 15.
Ne3 Be6 16. Qa4 Raa8 17. O-O Ne7 18. Rfe1 Rfc8 19. Bd2 Nd7 20. c4 Nc5 21. Qc2 a4
22. Rad1 Nc6 23. Bc3 Nb3 24. Qe2 Ncd4 25. Qh5 Qd8 26. Rf1 g6 27. Qh6 Nc5 28.
Bxd4 exd4 29. Nf5 Bxf5 30. exf5 Qf6 31. fxg6 hxg6 32. Be2 Re8 33. Bf3 d3 34. h4
Qxb2 35. h5 Qg7 36. Qf4 Qe5 37. Qh6 Qg7 38. Qf4 Re5 39. Qd4 Rd8 40. hxg6 Qxg6
41. Bd5 Rde8 42. g3 Rg5 43. Qf4 Rf5 44. Qd4 Re2 45. Kg2 Qg7 46. Rxd3 Nxd3 47.
Qxd3 Qe5 48. Bxb7 Rb2 49. Bd5 Kg7 50. Qd1 Qf6 51. Qg4+ Rg5 52. Qh4 Rd2 53. Qe4
Rf5 54. Qe3 Qd4 55. Qxd4+ Rxd4 56. Rb1 Rd2 57. Rb4 Rfxf2+ 58. Kh3 f5 59. g4 Rd3+
60. Kh4 Kh6 0-1

[Event "TCh-HUN 2017-18"]
[Site "Hungary HUN"]
[Date "2017.12.03"]
[Round "3.4"]
[White "Parligras, Mircea-Emilian"]
[Black "Fogarasi, Tibor"]
[Result "1-0"]
[WhiteTitle "GM"]
[BlackTitle "GM"]
[WhiteElo "2613"]
[BlackElo "2378"]
[WhiteTeam "ASE Paks"]
[BlackTeam "Penzugyor SE"]
[WhiteFideId "1204297"]
[BlackFideId "700363"]
[EventDate "2017.11.25"]
[EventType "team-tourn"]

1. d4 Nf6 2. c4 g6 3. Nc3 d5 4. cxd5 Nxd5 5. e4 Nxc3 6. bxc3 Bg7 7. Nf3 c5 8. h3
O-O 9. Be3 Nc6 10. Be2 Qa5 11. O-O e6 12. Qb3 cxd4 13. cxd4 Rd8 14. Rfd1 Qb4 15.
Qc2 h6 16. Rab1 Qe7 17. Rb5 Qe8 18. d5 exd5 19. exd5 Ne7 20. d6 Nf5 21. Bf4 Bd7
22. Rb4 Rac8 23. Rc4 Rxc4 24. Bxc4 Ba4 25. Bb3 Bxb3 26. axb3 Bf8 27. Qc7 Rd7 28.
Qc5 Qb8 29. g4 Ng7 30. Qb5 Qc8 31. Rc1 Qe8 32. Rc7 Rd8 33. Qxe8 Nxe8 34. Rxb7
Bxd6 35. Bxh6 Bc5 36. Ne5 Nd6 37. Rc7 Bb6 38. Re7 Rc8 39. Rd7 Re8 40. Nxg6 Ne4
41. Ne7+ Kh7 42. Nf5 Bxf2+ 43. Kg2 Kg6 44. Nd6 Nf6 45. Rxf7 1-0

[Event "TCh-HUN 2017-18"]
[Site "Hungary HUN"]
[Date "2017.12.03"]
[Round "3.5"]
[White "Gara, Anita"]
[Black "Papp, Gabor1"]
[Result "0-1"]
[WhiteTitle "IM"]
[BlackTitle "GM"]
[WhiteElo "2385"]
[BlackElo "2603"]
[WhiteTeam "Penzugyor SE"]
[BlackTeam "ASE Paks"]
[WhiteFideId "709751"]
[BlackFideId "718602"]
[EventDate "2017.11.25"]
[EventType "team-tourn"]

1. e4 d6 2. d4 Nf6 3. Nc3 g6 4. f4 Bg7 5. Nf3 O-O 6. Bd3 c5 7. dxc5 dxc5 8. O-O
Nc6 9. e5 Ng4 10. Qe1 Nb4 11. Be4 f5 12. exf6 exf6 13. a3 f5 14. axb4 fxe4 15.
Qxe4 Re8 16. Qd5+ Be6 17. Qxd8 Raxd8 18. Bd2 cxb4 19. Nd1 Bc4 20. Re1 Rxe1+ 21.
Bxe1 Be2 22. Nf2 Ne3 23. Rc1 a5 24. Ne5 g5 25. g3 gxf4 26. gxf4 b5 27. Ne4 Rd4
28. Ng3 Rxf4 29. Bd2 Bxe5 30. Bxe3 Rf3 31. Bb6 Rf6 32. Be3 Bf3 33. Rb1 a4 34.
Bc5 Rc6 35. Bxb4 Bd4+ 36. Kf1 Rxc2 37. Bc3 Bxc3 38. bxc3 a3 39. Rxb5 a2 40. Ra5
Bg4 41. Ra8+ Kf7 0-1

[Event "TCh-HUN 2017-18"]
[Site "Hungary HUN"]
[Date "2017.12.03"]
[Round "3.6"]
[White "Acs, Peter"]
[Black "Szamoskozi, Gabor"]
[Result "1-0"]
[WhiteTitle "GM"]
[BlackTitle "FM"]
[WhiteElo "2588"]
[BlackElo "2297"]
[WhiteTeam "ASE Paks"]
[BlackTeam "Penzugyor SE"]
[WhiteFideId "708020"]
[BlackFideId "719056"]
[EventDate "2017.11.25"]
[EventType "team-tourn"]

1. e4 c5 2. Nf3 Nc6 3. Bb5 g6 4. O-O Bg7 5. Re1 Nf6 6. Bxc6 dxc6 7. h3 O-O 8. d3
Ne8 9. Nc3 Nc7 10. a4 Ne6 11. a5 Nd4 12. e5 Bf5 13. Be3 Re8 14. Bxd4 cxd4 15.
Ne4 Qd5 16. Ng3 Bd7 17. Qd2 c5 18. h4 Rac8 19. h5 Bg4 20. Nh2 Bd7 21. f4 f6 22.
hxg6 hxg6 23. Nf3 Bg4 24. Nh4 Kf7 25. Ne4 Rh8 26. Qf2 Rh5 27. Qg3 Bf5 28. Nxf5
Rxf5 29. Qf3 1-0

[Event "TCh-HUN 2017-18"]
[Site "Hungary HUN"]
[Date "2017.12.03"]
[Round "3.7"]
[White "Fodor, Istvan2"]
[Black "Szabo, Krisztian1"]
[Result "1/2-1/2"]
[WhiteTitle "FM"]
[BlackTitle "GM"]
[WhiteElo "2329"]
[BlackElo "2498"]
[WhiteTeam "Penzugyor SE"]
[BlackTeam "ASE Paks"]
[WhiteFideId "726591"]
[BlackFideId "722901"]
[EventDate "2017.11.25"]
[EventType "team-tourn"]

1. d4 Nf6 2. c4 d6 3. Nc3 Nbd7 4. e4 e5 5. Nf3 g6 6. Be2 Bg7 7. O-O O-O 8. Be3
c6 9. d5 c5 10. Ne1 Ne8 11. Nd3 f5 12. exf5 gxf5 13. f4 b6 14. Qd2 Qe7 15. Rae1
e4 16. Nf2 Ndf6 17. Qd1 Qf7 18. h3 h5 19. g3 Bh6 1/2-1/2

[Event "TCh-HUN 2017-18"]
[Site "Hungary HUN"]
[Date "2017.12.03"]
[Round "3.8"]
[White "Lizak, Peter"]
[Black "Karacsonyi, Gellert"]
[Result "0-1"]
[WhiteTitle "IM"]
[WhiteElo "2471"]
[BlackElo "2209"]
[WhiteTeam "ASE Paks"]
[BlackTeam "Penzugyor SE"]
[WhiteFideId "731595"]
[BlackFideId "764620"]
[EventDate "2017.11.25"]
[EventType "team-tourn"]

1. d4 Nf6 2. Nc3 d5 3. Bf4 Bf5 4. f3 e6 5. g4 Bg6 6. h4 h6 7. e3 a6 8. h5 Bh7 9.
Bd3 Bxd3 10. cxd3 c5 11. dxc5 Bxc5 12. d4 Bd6 13. Nge2 Nc6 14. Kf2 Bxf4 15. Nxf4
O-O 16. Nd3 Qd6 17. Qg1 e5 18. Nxe5 Nxe5 19. dxe5 Qxe5 20. Qg3 Qe6 21. Rad1 Rfe8
22. Qf4 Rac8 23. Rd4 Rc4 24. Rhd1 Qb6 25. R1d2 Rxd4 26. Qxd4 Qd6 27. Kg2 Qe6 28.
Rd3 Rc8 29. b3 Kh7 30. Kg3 Re8 31. Ne2 Qc6 32. Rc3 Qd7 33. Nf4 Rc8 34. Rxc8 Qxc8
35. Nxd5 Nxd5 36. Qxd5 Qc7+ 37. Kh3 Kg8 38. Qe4 Qd7 39. Kg3 Qc7+ 40. Kh3 Qd7 41.
a4 Kf8 42. Qb4+ Kg8 43. Qc5 Qe6 44. b4 b6 45. Qc3 b5 46. a5 Kh7 47. Qd3+ g6 48.
Kg3 Qe5+ 49. f4 Qc7 50. Qd5 Qe7 51. Kf3 Qc7 52. hxg6+ fxg6 53. Qe6 Qb7+ 54. Kg3
Qa7 55. f5 gxf5 56. gxf5 Qg7+ 57. Kf3 Qg1 58. Qe7+ Kg8 59. Ke4 h5 60. Qh4 Qb1+
61. Ke5 Qb2+ 62. Ke6 Qb3+ 63. Kf6 Qc3+ 64. Kg6 Qc8 65. Kxh5 Qe8+ 66. Kg4 Qe4+
67. Kh3 Qh1+ 68. Kg3 Qe1+ 69. Kg4 Qxb4+ 70. Kg5 Qxh4+ 71. Kxh4 b4 72. Kg5 b3 0-1

[Event "TCh-HUN 2017-18"]
[Site "Hungary HUN"]
[Date "2017.12.03"]
[Round "3.9"]
[White "Mokcsay, Robert"]
[Black "Groszpeter, Attila"]
[Result "1/2-1/2"]
[WhiteTitle "FM"]
[BlackTitle "GM"]
[WhiteElo "2228"]
[BlackElo "2441"]
[WhiteTeam "Penzugyor SE"]
[BlackTeam "ASE Paks"]
[WhiteFideId "715603"]
[BlackFideId "700053"]
[EventDate "2017.11.25"]
[EventType "team-tourn"]

1. c4 e5 2. g3 Nf6 3. Bg2 Nc6 4. Nc3 Bb4 5. Nd5 Nxd5 6. cxd5 Ne7 7. e3 c6 8. Qg4
Bd6 9. Qxg7 Ng6 10. Qh6 f5 11. Ne2 Qf6 1/2-1/2

[Event "TCh-HUN 2017-18"]
[Site "Hungary HUN"]
[Date "2017.12.03"]
[Round "3.10"]
[White "Kaczur, Florian"]
[Black "Mester, Attila"]
[Result "1-0"]
[WhiteTitle "IM"]
[WhiteElo "2458"]
[BlackElo "2023"]
[WhiteTeam "ASE Paks"]
[BlackTeam "Penzugyor SE"]
[WhiteFideId "705098"]
[BlackFideId "725587"]
[EventDate "2017.11.25"]
[EventType "team-tourn"]

1. e4 c5 2. Nf3 Nc6 3. Bb5 Qb6 4. Nc3 e6 5. O-O Nge7 6. Re1 a6 7. Bxc6 Nxc6 8.
b3 Be7 9. Bb2 O-O 10. e5 f5 11. exf6 Bxf6 12. Na4 Qa7 13. Bxf6 Rxf6 14. c4 b6
15. Nc3 Qc7 16. Ne4 Rf8 17. d4 cxd4 18. Nxd4 Bb7 19. f3 Ne5 20. Qd2 Rae8 21. Ng3
Ng6 22. Rad1 Nf4 23. Qe3 d6 24. Rd2 Qc5 25. Nc2 Qc7 26. Red1 d5 27. cxd5 exd5
28. Qf2 h5 29. Ne2 Nxe2+ 30. Rxe2 Rxe2 31. Qxe2 Qc5+ 32. Nd4 Bc8 33. Qe5 h4 34.
h3 Bd7 35. Qg5 Re8 36. Qxh4 Qc3 37. Qg5 Qc5 38. h4 a5 39. h5 Qd6 40. Qg6 Qc5 41.
h6 Re1+ 42. Kf2 Re7 43. hxg7 Rxg7 44. Qf6 Qc7 45. Qh4 Be8 46. Re1 Bf7 47. Rh1
Kf8 48. Qh8+ Rg8 49. Qh6+ Rg7 50. g4 1-0

[Event "TCh-HUN 2017-18"]
[Site "Hungary HUN"]
[Date "2017.12.03"]
[Round "3.11"]
[White "Nadassy, Attila"]
[Black "Lazarne Vajda, Szidonia"]
[Result "0-1"]
[BlackTitle "IM"]
[WhiteElo "1984"]
[BlackElo "2364"]
[WhiteTeam "Penzugyor SE"]
[BlackTeam "ASE Paks"]
[WhiteFideId "716332"]
[BlackFideId "723894"]
[EventDate "2017.11.25"]
[EventType "team-tourn"]

1. Nf3 Nf6 2. c3 g6 3. Qa4 Bg7 4. d3 O-O 5. Qh4 d6 6. e4 c6 7. Be2 Qa5 8. O-O
Qh5 9. Qxh5 Nxh5 10. Ne1 Nf6 11. f4 c5 12. h3 Nc6 13. Be3 b5 14. Nd2 Rb8 15. Bf3
e5 16. fxe5 Nxe5 17. Be2 b4 18. c4 Nc6 19. Nc2 Ne8 20. Rab1 Nc7 21. Nf3 Ne6 22.
b3 Rb6 23. a4 bxa3 24. Nxa3 Bd4 25. Nc2 Bxe3+ 26. Nxe3 Ned4 27. Nxd4 Nxd4 28.
Bd1 Be6 29. Rf2 Rfb8 30. Ra2 a6 31. Ra3 Kg7 32. Nf1 f5 33. Nd2 fxe4 34. dxe4 Rf8
35. Rba1 Bc8 36. R1a2 h5 37. Nb1 Kh6 38. Nc3 Rb8 39. Rf2 Bb7 40. Raa2 Kg7 41.
Rxf8 Rxf8 42. Nd5 Re8 43. Nc3 Re6 44. Kf2 Rf6+ 45. Kg1 Rf4 46. Rf2 Rxf2 47. Kxf2
Kf6 48. Ke3 Ke5 49. g3 Bc8 50. g4 hxg4 51. hxg4 Bb7 52. Ne2 Nxe2 53. Bxe2 Bxe4
54. Bd1 g5 55. Kd2 Kf4 56. Kc3 a5 57. Kb2 Bf3 58. Bc2 Bxg4 59. Ka3 Bd7 0-1

[Event "TCh-HUN 2017-18"]
[Site "Hungary HUN"]
[Date "2017.12.03"]
[Round "3.12"]
[White "Krstulovic, Alex"]
[Black "Illes, Attila"]
[Result "1-0"]
[WhiteTitle "FM"]
[WhiteElo "2296"]
[BlackElo "1819"]
[WhiteTeam "ASE Paks"]
[BlackTeam "Penzugyor SE"]
[WhiteFideId "760056"]
[BlackFideId "761559"]
[EventDate "2017.11.25"]
[EventType "team-tourn"]

1. d4 d5 2. c4 c6 3. cxd5 cxd5 4. Bf4 Nf6 5. Nc3 a6 6. e3 Bf5 7. Be2 e6 8. Nf3
Be7 9. Ne5 Nc6 10. g4 Bg6 11. h4 h5 12. Nxg6 fxg6 13. g5 Nd7 14. Bd3 Nf8 15. Qb1
Kf7 16. a3 Bd6 17. Ne2 Ne7 18. Bxd6 Qxd6 19. Nf4 Nf5 20. Bxf5 gxf5 21. Nd3 Nd7
22. Kd2 g6 23. f4 Rhc8 24. b3 Rc7 25. Qb2 Rac8 26. Rhc1 b6 27. Rxc7 Rxc7 28. Rc1
Ke7 29. b4 Kd8 30. a4 Rxc1 31. Nxc1 Qc6 32. Qb3 Kc7 33. b5 Qd6 34. bxa6 Kb8 35.
Nd3 Ka7 36. Qb5 Nb8 37. a5 Nd7 38. Nb4 Nb8 39. Nd3 Nd7 40. axb6+ Nxb6 41. Nc5
Qe7 42. Qc6 Nc4+ 43. Ke2 Nd6 44. Nd7 1-0

[Event "TCh-HUN 2017-18"]
[Site "Hungary HUN"]
[Date "2017.12.03"]
[Round "3.1"]
[White "Vovk, Andriy"]
[Black "Kallai, Gabor"]
[Result "1-0"]
[WhiteTitle "GM"]
[BlackTitle "GM"]
[WhiteElo "2635"]
[BlackElo "2475"]
[WhiteTeam "Aquarena Kobanya SC"]
[BlackTeam "MTK Budapest"]
[WhiteFideId "14114470"]
[BlackFideId "700282"]
[EventDate "2017.11.25"]
[EventType "team-tourn"]

1. e4 d5 2. exd5 Qxd5 3. Nc3 Qd6 4. d4 Nf6 5. Nf3 a6 6. g3 Bg4 7. Bg2 Nc6 8. O-O
O-O-O 9. h3 Bh5 10. Bf4 Qb4 11. g4 Bg6 12. a3 Qxb2 13. Qe1 e6 14. Ne5 Nd5 15.
Nxd5 exd5 16. Nxc6 bxc6 17. Qa5 Bd6 18. Qxa6+ Kd7 19. Bxd6 Kxd6 20. Bxd5 Kxd5
21. Qa5+ Kd6 22. Rab1 Qxc2 23. Rbc1 Qe4 24. Qc5+ Kd7 25. Rfe1 1-0

[Event "TCh-HUN 2017-18"]
[Site "Hungary HUN"]
[Date "2017.12.03"]
[Round "3.2"]
[White "Juhasz, Armin"]
[Black "Vovk, Yuri"]
[Result "1/2-1/2"]
[WhiteTitle "IM"]
[BlackTitle "GM"]
[WhiteElo "2369"]
[BlackElo "2610"]
[WhiteTeam "MTK Budapest"]
[BlackTeam "Aquarena Kobanya SC"]
[WhiteFideId "724270"]
[BlackFideId "14113171"]
[EventDate "2017.11.25"]
[EventType "team-tourn"]

1. Nf3 g6 2. e4 Bg7 3. d4 d6 4. c4 c5 5. Nc3 Nc6 6. Be3 cxd4 7. Nxd4 Nh6 8. f3
f5 9. Qd2 Nf7 10. Be2 O-O 11. O-O f4 12. Bf2 Nxd4 13. Bxd4 Bxd4+ 14. Qxd4 Be6
15. c5 dxc5 16. Qxc5 Qd6 17. Qxd6 Nxd6 18. Bd1 Rfd8 19. Bb3 Bxb3 20. axb3 Kf7
21. Rfd1 a6 22. Nd5 g5 23. Nb6 Rab8 24. Rd5 h6 25. Rad1 Ke8 26. h4 Nf7 27. hxg5
hxg5 28. Rc1 e6 29. Rxd8+ Rxd8 30. Rc7 Rd1+ 31. Kh2 g4 32. fxg4 Ne5 33. Nc4
Nxg4+ 34. Kh3 Nf2+ 35. Kh4 b5 36. Ne5 Nxe4 37. Ng6 Nf6 38. Re7+ Kd8 39. Rxe6 Nd5
40. Kg4 Rd2 41. Nxf4 Nxf4 42. Kxf4 Rxg2 43. Rxa6 Kc7 44. Ke4 Kb7 45. Rh6 Rxb2
46. Kd4 Rxb3 47. Kc5 Rb1 48. Rb6+ Ka7 49. Rxb5 Rxb5+ 50. Kxb5 1/2-1/2

[Event "TCh-HUN 2017-18"]
[Site "Hungary HUN"]
[Date "2017.12.03"]
[Round "3.3"]
[White "Indjic, Aleksandar"]
[Black "Marosi, Levente"]
[Result "1-0"]
[WhiteTitle "GM"]
[BlackTitle "FM"]
[WhiteElo "2605"]
[BlackElo "2293"]
[WhiteTeam "Aquarena Kobanya SC"]
[BlackTeam "MTK Budapest"]
[WhiteFideId "911925"]
[BlackFideId "747181"]
[EventDate "2017.11.25"]
[EventType "team-tourn"]

1. d4 Nf6 2. c3 g6 3. Bg5 Bg7 4. Nd2 d5 5. e3 O-O 6. Ngf3 Nbd7 7. h3 Re8 8. Bf4
b6 9. Bh2 Bb7 10. Be2 Ne4 11. Nxe4 dxe4 12. Nd2 e5 13. Nc4 exd4 14. cxd4 Bd5 15.
O-O a6 16. Rc1 Ra7 17. b4 Qe7 18. Qd2 Qe6 19. Rc2 Bf8 20. Rfc1 c6 21. a4 Rea8
22. Bg3 b5 23. Na5 bxa4 24. Nxc6 Rb7 25. Bg4 f5 26. Be2 Rb6 27. Ne5 Bxb4 28. Qd1
Nxe5 29. Bxe5 Bd6 30. Bxd6 Rxd6 31. Rc5 Bb3 32. Qd2 Rd5 33. Bc4 Bxc4 34. R5xc4
a3 35. Qa2 Rdd8 36. Qxa3 Rac8 37. d5 Qd7 38. Rc6 Ra8 39. d6 Qe6 40. Rd1 a5 41.
Qc5 Rd7 42. Rd5 a4 43. Re5 Qf7 44. Rc7 Rad8 45. Re7 Rxe7 46. Rxe7 Qf6 47. d7 h5
48. Re8+ Kh7 49. Qc7 1-0

[Event "TCh-HUN 2017-18"]
[Site "Hungary HUN"]
[Date "2017.12.03"]
[Round "3.4"]
[White "Juhasz, Kristof"]
[Black "Nestorovic, Nikola"]
[Result "0-1"]
[BlackTitle "GM"]
[WhiteElo "1605"]
[BlackElo "2516"]
[WhiteTeam "Aquarena Kobanya SC"]
[BlackTeam "Aquarena Kobanya SC"]
[WhiteFideId "764507"]
[BlackFideId "934526"]
[EventDate "2017.11.25"]
[EventType "team-tourn"]

1. Nf3 d5 2. d4 Nf6 3. c4 e6 4. Nc3 Nbd7 5. e3 a6 6. b3 b6 7. Bd3 Bb7 8. O-O Bd6
9. Bb2 O-O 10. cxd5 exd5 11. Rc1 Re8 12. Ne2 Qe7 13. Qc2 Ne4 14. Ne5 Nf8 15.
Bxe4 dxe4 16. Nc4 Ne6 17. Nxd6 Qxd6 18. Ng3 Qd5 19. f3 exf3 20. e4 Qd7 21. d5
fxg2 22. Qxg2 f6 23. Nf5 Ng5 24. h4 Nxe4 25. Nxg7 Qxg7 26. Qxg7+ Kxg7 27. Rxc7+
Kg6 28. Rxb7 Rac8 29. Rc1 Rxc1+ 30. Bxc1 Nc3 31. Bd2 Nxd5 32. Kf2 h5 33. Kf3 Re6
34. Rb8 Re5 35. a4 a5 36. Rc8 Kf7 37. Rc4 Ke6 38. b4 axb4 39. Bxb4 Re3+ 40. Kf2
Rb3 41. Be1 Ra3 42. Re4+ Kf5 43. Rc4 Ke5 44. Bb4 Rb3 45. Be1 Rb2+ 46. Kf3 Ra2
47. Re4+ Kf5 48. Rc4 Ra3+ 49. Kf2 Nf4 50. Bd2 Nd3+ 51. Ke2 Nb2 52. Rf4+ Kg6 53.
Rb4 Nxa4 54. Kf2 Nc5 0-1

[Event "TCh-HUN 2017-18"]
[Site "Hungary HUN"]
[Date "2017.12.03"]
[Round "3.5"]
[White "Nagy, Gabor1"]
[Black "Szabo, Balazs"]
[Result "1-0"]
[WhiteTitle "IM"]
[BlackTitle "FM"]
[WhiteElo "2472"]
[BlackElo "2254"]
[WhiteTeam "Aquarena Kobanya SC"]
[BlackTeam "MTK Budapest"]
[WhiteFideId "737119"]
[BlackFideId "727105"]
[EventDate "2017.11.25"]
[EventType "team-tourn"]

1. Nf3 Nf6 2. c4 c5 3. Nc3 b6 4. g3 Bb7 5. Bg2 g6 6. O-O Bg7 7. Re1 Ne4 8. Nxe4
Bxe4 9. d4 cxd4 10. Bh6 Bxh6 11. Qxd4 O-O 12. Qxe4 Nc6 13. Rad1 Rc8 14. e3 Bg7
15. Re2 d6 16. b3 Rc7 17. h4 h6 18. Ne1 Qc8 19. Nd3 Qe6 20. Qxe6 fxe6 21. Nf4
Kf7 22. Bh3 Nd8 23. h5 gxh5 24. Nxh5 e5 25. f4 Bh8 26. Bg2 Ke8 27. Bd5 Nb7 28.
Rf1 Nc5 29. g4 e6 30. Bg2 a5 31. Rd2 Ke7 32. Kh2 Rcc8 33. Kh3 Rcd8 34. Rfd1 Rg8
35. Bc6 Rg6 36. a3 Nxb3 37. Rb2 Nc5 38. Rxb6 Rgg8 39. Bb5 Ne4 40. Rb7+ Kf8 41.
Rf1 Nd2 42. f5 1-0

[Event "TCh-HUN 2017-18"]
[Site "Hungary HUN"]
[Date "2017.12.03"]
[Round "3.6"]
[White "Terbe, Julianna"]
[Black "Izsak, Gyula"]
[Result "1/2-1/2"]
[WhiteTitle "WIM"]
[BlackTitle "IM"]
[WhiteElo "2263"]
[BlackElo "2437"]
[WhiteTeam "MTK Budapest"]
[BlackTeam "Aquarena Kobanya SC"]
[WhiteFideId "708780"]
[BlackFideId "702234"]
[EventDate "2017.11.25"]
[EventType "team-tourn"]

1. Nf3 d5 2. g3 c6 3. Bg2 Nf6 4. O-O Bg4 5. d4 e6 6. Nbd2 Nbd7 7. Re1 Be7 8. e4
dxe4 9. Nxe4 Nxe4 10. Rxe4 Bh5 11. c3 O-O 12. Qb3 Qb6 13. Ne5 Nxe5 14. Rxe5 Bg6
15. Qc4 Rfd8 16. a4 a5 17. Re2 Bh5 18. Re1 Bg6 19. Re2 Qa6 20. Qxa6 Rxa6 21. Bf4
Rd7 22. Rd2 h6 23. Re1 Ra8 24. Bf3 Bf5 25. g4 Bh7 26. h3 Kf8 27. Kg2 Rad8 28.
Red1 f6 29. Be2 Bg6 30. h4 Bf7 31. h5 Bd6 32. Be3 Bc7 33. f4 e5 34. dxe5 Rxd2
35. Rxd2 Rxd2 36. Bxd2 fxe5 37. fxe5 Bxe5 38. Be3 Bc7 39. Bd1 1/2-1/2

[Event "TCh-HUN 2017-18"]
[Site "Hungary HUN"]
[Date "2017.12.03"]
[Round "3.7"]
[White "Szabo, Bence"]
[Black "Terbe, Zsuzsanna"]
[Result "0-1"]
[WhiteTitle "IM"]
[BlackTitle "WFM"]
[WhiteElo "2369"]
[BlackElo "2170"]
[WhiteTeam "Aquarena Kobanya SC"]
[BlackTeam "MTK Budapest"]
[WhiteFideId "733776"]
[BlackFideId "708801"]
[EventDate "2017.11.25"]
[EventType "team-tourn"]

1. Nf3 d5 2. c4 c6 3. e3 Nf6 4. Nc3 Bg4 5. Qb3 Qb6 6. Ne5 Be6 7. d4 g6 8. Bd3
Bg7 9. O-O O-O 10. Qa3 dxc4 11. Nxc4 Qc7 12. Bd2 Re8 13. Rfc1 Nbd7 14. Na5 Nb6
15. h3 Qd7 16. Ne2 Bd5 17. Nb3 Bxb3 18. Qxb3 e5 19. Be1 exd4 20. Nxd4 Nfd5 21.
Bf1 Qe7 22. Nf3 a5 23. a4 Nb4 24. Rab1 Qe6 25. Qxe6 Rxe6 26. b3 Rd6 27. Rc5 Rd5
28. Rxd5 N6xd5 29. Rd1 Bf6 30. g4 h6 31. Rc1 Bb2 32. Rc4 b5 33. Rc5 bxa4 34.
bxa4 Nb6 35. Bxb4 axb4 36. a5 Na4 37. Rxc6 Rxa5 38. Bc4 Rc5 39. Rxg6+ Bg7 40.
Ra6 Rxc4 41. Rxa4 Rc1+ 42. Kg2 b3 43. Nd2 b2 44. Rb4 Rd1 0-1

[Event "TCh-HUN 2017-18"]
[Site "Hungary HUN"]
[Date "2017.12.03"]
[Round "3.8"]
[White "Berta, Sandor"]
[Black "Toth, Ervin"]
[Result "0-1"]
[BlackTitle "IM"]
[WhiteElo "2122"]
[BlackElo "2449"]
[WhiteTeam "MTK Budapest"]
[BlackTeam "Aquarena Kobanya SC"]
[WhiteFideId "713775"]
[BlackFideId "726559"]
[EventDate "2017.11.25"]
[EventType "team-tourn"]

1. d4 d6 2. e4 g6 3. Nf3 Bg7 4. c3 Nf6 5. Bd3 O-O 6. Bf4 Nc6 7. O-O Nh5 8. Bg5
h6 9. Be3 e5 10. Qd2 Kh7 11. dxe5 dxe5 12. Bc5 Re8 13. Bb5 Qf6 14. Qe3 a6 15.
Ba4 Nf4 16. Nbd2 h5 17. Bc2 b6 18. Ba3 Bh6 19. Qe1 Bg4 20. h3 Nxh3+ 21. Kh2 Rad8
22. Bd1 Nf4 23. Nc4 Rxd1 24. Qxd1 Rd8 25. Ncd2 Nxg2 26. Rg1 Nh4 0-1

[Event "TCh-HUN 2017-18"]
[Site "Hungary HUN"]
[Date "2017.12.03"]
[Round "3.9"]
[White "Konnyu, Janos"]
[Black "Doleschall, Gyorgy"]
[Result "1/2-1/2"]
[WhiteTitle "IM"]
[BlackTitle "FM"]
[WhiteElo "2366"]
[BlackElo "2215"]
[WhiteTeam "Aquarena Kobanya SC"]
[BlackTeam "MTK Budapest"]
[WhiteFideId "721280"]
[BlackFideId "702200"]
[EventDate "2017.11.25"]
[EventType "team-tourn"]

1. e4 c6 2. d4 d5 3. e5 Bf5 4. Nf3 e6 5. Be2 c5 6. c4 dxc4 7. O-O Nc6 8. dxc5
Bxc5 9. Nbd2 Nge7 10. Nxc4 Qxd1 11. Rxd1 Nd5 12. a3 Bc2 13. Re1 a5 14. Bd2 O-O
15. Rac1 Bb3 16. Nxa5 Bxf2+ 17. Kxf2 Nxa5 18. Nd4 Ba4 19. Bxa5 Rxa5 20. Bf3 Rd8
21. Ne2 Bb3 22. Bxd5 1/2-1/2

[Event "TCh-HUN 2017-18"]
[Site "Hungary HUN"]
[Date "2017.12.03"]
[Round "3.10"]
[White "Fodor, Balazs"]
[Black "Krizsany, Laszlo"]
[Result "0-1"]
[BlackTitle "IM"]
[WhiteElo "2102"]
[BlackElo "2424"]
[WhiteTeam "MTK Budapest"]
[BlackTeam "Aquarena Kobanya SC"]
[WhiteFideId "741850"]
[BlackFideId "701718"]
[EventDate "2017.11.25"]
[EventType "team-tourn"]

1. d4 b6 2. c4 Bb7 3. Nf3 e6 4. a3 Nf6 5. Nc3 d6 6. Qc2 c5 7. e4 cxd4 8. Nxd4
Nbd7 9. Be2 a6 10. f4 Qc7 11. O-O Rc8 12. Be3 e5 13. Nb3 Be7 14. f5 b5 15. cxb5
Nxe4 16. bxa6 Nxc3 17. axb7 Nxe2+ 18. Qxe2 Qxb7 19. Na5 Qe4 20. Rac1 O-O 21. Qd2
d5 22. b4 d4 23. Bf2 Nb6 24. Rfe1 Qxf5 25. Bxd4 Rxc1 26. Qxc1 exd4 27. Rxe7 Nd5
28. Re1 d3 29. Qd2 Nf4 30. Nb3 Ne2+ 31. Kh1 Rd8 32. Nc5 Qf2 33. Rd1 Rd5 34. h3
Ng3+ 0-1

[Event "TCh-HUN 2017-18"]
[Site "Hungary HUN"]
[Date "2017.12.03"]
[Round "3.12"]
[White "Kovacsy, Barnabas"]
[Black "Havanecz, Bianka"]
[Result "0-1"]
[BlackTitle "WIM"]
[WhiteElo "2124"]
[BlackElo "2199"]
[WhiteTeam "MTK Budapest"]
[BlackTeam "Aquarena Kobanya SC"]
[WhiteFideId "769290"]
[BlackFideId "704814"]
[EventDate "2017.11.25"]
[EventType "team-tourn"]

1. e4 e5 2. Nf3 Nc6 3. Bb5 a6 4. Ba4 Nf6 5. O-O Be7 6. d3 b5 7. Bb3 d6 8. c3 O-O
9. a4 Bg4 10. h3 Bh5 11. Nbd2 Qd7 12. Re1 Na5 13. Bc2 c5 14. Nf1 Nc6 15. Ng3 Bg6
16. Nh4 b4 17. Nhf5 Bd8 18. Qe2 bxc3 19. bxc3 Ba5 20. Bd2 Rfb8 21. Reb1 d5 22.
Bb3 d4 23. cxd4 cxd4 24. Bc4 Bxf5 25. Nxf5 Bc3 26. Bxc3 dxc3 27. Qc2 Nd4 28.
Nxd4 exd4 29. Rb3 h6 30. Rab1 Qc7 31. g3 Nd7 32. Bd5 Rxb3 33. Rxb3 Rb8 34. Qb1
Rxb3 35. Bxb3 Ne5 36. Kg2 Qb7 37. Bxf7+ Qxf7 38. Qb8+ Qf8 39. Qxe5 Qc8 40. Qf4
c2 41. Qc1 Qc3 42. Kf1 Qxd3+ 43. Ke1 Qc3+ 44. Qd2 c1=Q+ 0-1